[Event "I slightly prefer Romney to Obama"]
[Site "SchemingMind.com"]
[Date "2012.09.10"]
[Round "-"]
[White "Adrian Grajczak"]
[Black "smothered mate"]
[Result "1-0"]
[WhiteCountry "POL"]
[BlackCountry "POL"]
[WhiteElo "2247"]
[WhiteRD "70"]
[BlackElo "1948"]
[BlackRD "70"]
[GameID "317553"]

1. e4 Nf6 2. e5 Nd5 3. c4 Nb6 4. d4 d6 5. exd6 cxd6 6. Nc3 g6 7. Be3 Bg7 8. Rc1 O-O 9. b3 Nc6 10. d5 Ne5
11. Be2 f5 12. h3 f4 13. Bd4 Bf5 14. Nf3 Nbd7 15. O-O Nxf3+ 16. Bxf3 Ne5 17. Bxe5 Bxe5 18. Re1 Qa5 19. Qd2 Rac8 20. Re2 a6
21. Na4 Qxd2 22. Rxd2 b5 23. Nb2 Rc7 24. Bg4 Bxg4 25. hxg4 Rfc8 26. Nd3 bxc4 27. Nxe5 dxe5 28. Rdc2 c3 29. Re1 Kf7 30. Rxe5 Rc5
31. Re4 g5 32. Re5 h6 33. Kf1 Kf6 34. Re6+ Kf7 35. Rxa6 Rxd5 36. Rxh6 e5 37. Rh3 Rdc5 38. Ke2 e4 39. Kd1 Rd8+ 40. Kc1 Rd3
41. Re2 Rcd5 42. Rxe4 Rd1+ 43. Kc2 R5d2+ 44. Kxc3 Rxa2 45. Rh7+ Kg6 46. Rhe7 Rc1+ 47. Kb4 Rc6 48. Re2 Raa6 49. R7e5 Rc8 50. Rb5 Rf6
51. Ree5 Kf7 52. Rxg5 f3 53. gxf3 Rxf3 54. Rgf5+ Rxf5 55. Rxf5+ Ke6 56. f4
1-0

[Event "I slightly prefer Romney to Obama"]
[Site "SchemingMind.com"]
[Date "2012.09.10"]
[Round "-"]
[White "smothered mate"]
[Black "Adrian Grajczak"]
[Result "0-1"]
[WhiteCountry "POL"]
[BlackCountry "POL"]
[WhiteElo "1946"]
[WhiteRD "65"]
[BlackElo "2173"]
[BlackRD "67"]
[GameID "317554"]

1. d4 d6 2. c4 e5 3. dxe5 dxe5 4. Qxd8+ Kxd8 5. Nc3 Be6 6. e4 c6 7. f4 exf4 8. Bxf4 Nd7 9. Bd3 Bb4 10. Ne2 Ngf6
11. O-O-O Ke7 12. a3 Bxc3 13. Nxc3 Ng4 14. Rd2 Nde5 15. Bxe5 Nxe5 16. c5 Rad8 17. Bc2 Rxd2 18. Kxd2 Rd8+ 19. Kc1 Nc4 20. Re1 f6
21. Bb3 Ne5 22. Bc2 Nd7 23. b4 Ne5 24. a4 Rd4 25. b5 Rc4 26. Re3 Rxc5 27. bxc6 bxc6 28. Rg3 g6 29. Ne2 Bc4 30. Nd4 Bd3
31. Kd2 Bxc2 32. Nxc2 Rc4 33. Rh3 h5 34. a5 Rxe4 35. Rb3 Nc4+ 36. Kd3 Nxa5 37. Ra3 Re5 38. Nd4 Kd6 39. Nc2 c5 40. Kc3 Nc6
41. Ra6 Re2
0-1

[Event "I slightly prefer Romney to Obama"]
[Site "SchemingMind.com"]
[Date "2012.09.12"]
[Round "-"]
[White "bereolos"]
[Black "smothered mate"]
[Result "1-0"]
[WhiteCountry "USA"]
[BlackCountry "POL"]
[WhiteElo "2239"]
[WhiteRD "99"]
[BlackElo "2022"]
[BlackRD "58"]
[GameID "317635"]

1. d4 d5 2. c4 e6 3. Nc3 c5 4. cxd5 exd5 5. Nf3 Nc6 6. g3 c4 7. Bg2 Bb4 8. O-O Nge7 9. e4 O-O 10. exd5 Nxd5
11. Nxd5 Qxd5 12. Be3 Qb5 13. d5 Rd8 14. Ng5 h6 15. Nxf7 Kxf7 16. Qf3+ Kg8 17. dxc6 Qxc6 18. Qxc6 bxc6 19. Bxc6 Rb8 20. Bxa7
1-0

[Event "I slightly prefer Romney to Obama"]
[Site "SchemingMind.com"]
[Date "2012.09.12"]
[Round "-"]
[White "bereolos"]
[Black "Adrian Grajczak"]
[Result "0-1"]
[WhiteCountry "USA"]
[BlackCountry "POL"]
[WhiteElo "2142"]
[WhiteRD "91"]
[BlackElo "2253"]
[BlackRD "67"]
[GameID "317636"]

1. d4 d6 2. Nf3 Nd7 3. e4 e5 4. Bc4 Be7 5. dxe5 Nxe5 6. Nxe5 dxe5 7. Qh5 g6 8. Qxe5 Nf6 9. Bh6 Qd6 10. Qxd6 cxd6
11. Nc3 Be6 12. Bb5+ Kd8 13. f3 Kc7 14. O-O-O Rhd8 15. Bf4 a6 16. Be2 Rd7 17. e5 dxe5 18. Bxe5+ Kc6 19. Rxd7 Nxd7 20. Bd4 Bg5+
21. Kb1 Rd8= 22. g3 Nb8 23. Rd1 Kc7 24. Ne4 Be7 25. Be5+ Kc8 26. Nd6+ Bxd6 27. Bxd6 Nc6 28. c3 Re8 29. Bf1 Bf5+ 30. Kc1 Ne5
31. Bxe5 Rxe5 32. Bc4 b5 33. Bd3 Bxd3= 34. Rxd3 Re2 35. Rd2 Re1+ 36. Kc2 Kc7 37. Kd3 Kd6 38. Re2 Ra1 39. a3 Rf1 40. f4 Kd5
41. Kc2 h5 42. Re5+ Kd6 43. h4 Rg1=
0-1

[Event "I slightly prefer Romney to Obama"]
[Site "SchemingMind.com"]
[Date "2012.09.13"]
[Round "-"]
[White "smothered mate"]
[Black "bereolos"]
[Result "1-0"]
[WhiteCountry "POL"]
[BlackCountry "USA"]
[WhiteElo "1979"]
[WhiteRD "59"]
[BlackElo "2196"]
[BlackRD "93"]
[GameID "317637"]

1. d4 Nf6 2. c4 g6 3. Nc3 Bg7 4. e4 d6 5. h3 O-O 6. Bg5 Na6 7. Bd3 e5 8. d5 Qe8 9. Nge2 Nd7 10. a3 f5
11. b4 f4 12. f3 Bf6 13. Bxf6 Rxf6 14. Nc1 g5 15. Nb3 Qe7 16. Qc2 Rg6 17. O-O-O h5 18. Kb2 Nf6 19. Qe2 Nb8 20. c5 g4
21. hxg4 hxg4 22. Rh2 Rg7 23. Rdh1 Rh7 24. Rxh7 Nxh7 25. fxg4 Qg5 26. cxd6 cxd6 27. Nb5 Qe7 28. g3
1-0

[Event "I slightly prefer Romney to Obama"]
[Site "SchemingMind.com"]
[Date "2012.09.13"]
[Round "-"]
[White "Adrian Grajczak"]
[Black "bereolos"]
[Result "1-0"]
[WhiteCountry "POL"]
[BlackCountry "USA"]
[WhiteElo "2110"]
[WhiteRD "72"]
[BlackElo "2137"]
[BlackRD "84"]
[GameID "317638"]

1. e4 e5 2. Nf3 Nc6 3. Bb5 a6 4. Ba4 Nf6 5. O-O Be7 6. Re1 b5 7. Bb3 d6 8. c3 O-O 9. h3 Na5 10. Bc2 c5
11. d4 Nd7 12. Nbd2 exd4 13. cxd4 Nc6 14. Nf1 cxd4 15. Nxd4 Nxd4 16. Qxd4 Ne5 17. Bf4 Bf6 18. Qb4 Qb6 19. Ne3 Be6 20. Red1 Rfd8
21. Nd5 Bxd5 22. Rxd5 Nc6 23. Qa3 b4 24. Qb3 Bd4 25. Rf1 Ne7 26. Rg5 Rac8 27. Qd3 Bf6 28. e5 Bxg5 29. Qxh7+ Kf8 30. Bxg5 Rxc2
31. e6 Ng6 32. Bf6
1-0

[Event "I slightly prefer Romney to Obama"]
[Site "SchemingMind.com"]
[Date "2012.09.20"]
[Round "-"]
[White "mapleleaf"]
[Black "smothered mate"]
[Result "0-1"]
[WhiteCountry "CAN"]
[BlackCountry "POL"]
[WhiteElo "1948"]
[WhiteRD "100"]
[BlackElo "1932"]
[BlackRD "64"]
[GameID "317754"]

1. e4 Nf6 2. e5 Nd5 3. d4 d6 4. Nf3 c5 5. c4 Nb6 6. d5 Bg4 7. Bf4 dxe5 8. Bxe5 N8d7 9. Bc3 e5 10. Qd3 Bd6
11. Na3 O-O 12. O-O-O a6 13. h3 Bh5 14. Re1 Bg6 15. Qd2 Qc7 16. g3 h6 17. Nh4 Bh7 18. g4 e4 19. Ng2 Na4 20. Nc2 Nxc3
21. Qxc3 Be5 22. Qb3 a5 23. Na3 a4 24. Qd1 Rfd8 25. Ne3 Bf4 26. Bg2 Ne5 27. Bf1 Nf3 28. Re2 Nd4 29. Rd2 Be5 30. Bg2 Rd7
31. h4 Qa5 32. g5 Rad8 33. gxh6 gxh6 34. Qh5 Bg7 35. Rg1 Bg6 36. Qg4 h5 37. Qg3 b5 38. Bxe4 b4 39. Bxg6 fxg6 40. Nb1 Rd6
41. Rxd4 Bxd4 42. Nf5 Rf6 43. Ne7+ Kf7 44. Nxg6 b3 45. Nh8+ Ke7 46. Ng6+ Kd7 47. Ne5+ Bxe5 48. Qxe5 Rxf2 49. a3 Qb6 50. Nc3 Qh6+
51. Rg5 Re8
0-1

[Event "I slightly prefer Romney to Obama"]
[Site "SchemingMind.com"]
[Date "2012.09.20"]
[Round "-"]
[White "mapleleaf"]
[Black "bereolos"]
[Result "0-1"]
[WhiteCountry "CAN"]
[BlackCountry "USA"]
[WhiteElo "1975"]
[WhiteRD "98"]
[BlackElo "2139"]
[BlackRD "87"]
[GameID "317755"]

1. e4 e5 2. Nf3 Nc6 3. Bc4 Bc5 4. O-O Nf6 5. d3 d6 6. c3 a6 7. a4 O-O 8. Bg5 h6 9. Bh4 g5 10. Bg3 Bg4
11. b4 Ba7 12. Nbd2 Bh5 13. Qb3 Bg6 14. a5 Qd7 15. Rfe1 Rfe8 16. Nf1 Nh5 17. h3 Kg7 18. Bh2 Nf4 19. Bxf4 gxf4 20. Rad1 Qe7
21. Qa4 Rg8 22. b5 axb5 23. Qxb5 Nxa5 24. N1h2 Nxc4 25. Qxc4 Bb6 26. d4 Ra5 27. dxe5 dxe5 28. Rd5 c6 29. Rxa5 Bxa5 30. Ng4 Bc7
31. Ra1 Rd8 32. Qb3 h5 33. Ngh2 b5 34. Ra7 Bxe4 35. c4 bxc4 36. Qxc4 Bd5 37. Qc3 Qd6 38. Nf1 Bb8 39. Ra6 Qf6 40. N1d2 e4
41. Qxf6+ Kxf6 42. Nd4 Ke5 43. N2b3 Bd6 44. Kf1 Rb8
0-1

[Event "I slightly prefer Romney to Obama"]
[Site "SchemingMind.com"]
[Date "2012.09.20"]
[Round "-"]
[White "mapleleaf"]
[Black "Adrian Grajczak"]
[Result "0-1"]
[WhiteCountry "CAN"]
[BlackCountry "POL"]
[WhiteElo "1990"]
[WhiteRD "91"]
[BlackElo "2087"]
[BlackRD "72"]
[GameID "317756"]

1. e4 d6 2. d4 Nf6 3. Nc3 e5 4. Nf3 Nbd7 5. Be2 Be7 6. O-O O-O 7. a4 c6 8. Re1 b6 9. h3 a6 10. Be3 Bb7
11. Bc4 Qc7 12. Bg5 b5 13. Bd3 exd4 14. Nxd4 g6 15. Kh1 b4 16. Na2 Nxe4 17. Bxe4 Bxg5 18. Qg4 Bf6 19. c3 bxc3 20. bxc3 Bxd4
21. cxd4 f5 22. Bxf5 Rxf5 23. Re7 Qd8 24. Rae1 Ne5 25. Qxf5 gxf5 26. Rxb7 Qa5 27. Re3 Ng6 28. Nc3 f4 29. Rd3 Qf5 30. Rd2 f3
31. Rdb2 fxg2+
0-1

[Event "I slightly prefer Romney to Obama"]
[Site "SchemingMind.com"]
[Date "2012.09.20"]
[Round "-"]
[White "bereolos"]
[Black "mapleleaf"]
[Result "1-0"]
[WhiteCountry "USA"]
[BlackCountry "CAN"]
[WhiteElo "2230"]
[WhiteRD "95"]
[BlackElo "1975"]
[BlackRD "96"]
[GameID "317758"]

1. d4 Nf6 2. c4 g6 3. Nc3 Bg7 4. e4 d6 5. f4 O-O 6. Nf3 c5 7. d5 e6 8. Be2 exd5 9. cxd5 Re8 10. e5 dxe5
11. fxe5 Ng4 12. Bg5 Qa5 13. O-O Nxe5 14. Nxe5 Rxe5 15. Qd2 Na6 16. d6 Bd7 17. Bc4 Rf5 18. Rxf5 Bxf5 19. Bxf7+ Kh8 20. d7 Bd4+
21. Qxd4+
1-0

[Event "I slightly prefer Romney to Obama"]
[Site "SchemingMind.com"]
[Date "2012.09.20"]
[Round "-"]
[White "Adrian Grajczak"]
[Black "mapleleaf"]
[Result "1/2-1/2"]
[WhiteCountry "POL"]
[BlackCountry "CAN"]
[WhiteElo "2112"]
[WhiteRD "71"]
[BlackElo "1995"]
[BlackRD "105"]
[GameID "317759"]

1. e4 c5 2. Nf3 d6 3. d4 cxd4 4. Nxd4 Nf6 5. Nc3 Nc6 6. Bc4 Qb6 7. Nb3 e6 8. Be3 Qc7 9. Bd3 a6 10. O-O b5
11. a3 Bb7 12. f4 Be7 13. Qe2 O-O 14. Rae1 Rab8 15. Kh1 b4 16. axb4 Nxb4 17. Rc1 Rfc8 18. Ba7 Ra8 19. Be3 Rab8 20. Ba7 Ra8
21. Be3=
1/2-1/2

[Event "I slightly prefer Romney to Obama"]
[Site "SchemingMind.com"]
[Date "2012.09.18"]
[Round "-"]
[White "Ilang"]
[Black "smothered mate"]
[Result "1-0"]
[WhiteCountry "HUN"]
[BlackCountry "POL"]
[WhiteElo "2369"]
[WhiteRD "75"]
[BlackElo "2033"]
[BlackRD "57"]
[GameID "317918"]

1. d4 d5 2. c4 e6 3. Nc3 c5 4. cxd5 exd5 5. Nf3 Nc6 6. g3 c4 7. Bg2 Bb4 8. O-O Nge7 9. e4 O-O 10. exd5 Nxd5
11. Bg5 f6 12. Nxd5 Qxd5 13. Be3 Bg4 14. Ne5 Qxg2+ 15. Kxg2 Bxd1 16. Nxc6 bxc6 17. Rfxd1 Rab8 18. Rac1 Ba5 19. Rxc4 Rxb2 20. Rxc6 Rxa2
21. Ra6 Ra3 22. Rxa7 Rf7 23. Rxf7 Kxf7 24. Rb1 Kg6 25. Rb7 Rd3 26. g4 Rd1 27. h4 h6 28. h5+ Kh7 29. Kf3 Bc3 30. Ke2 Rxd4
31. Bxd4 Bxd4 32. f4 Bc5 33. Kf3 Ba3 34. Ke4 Bc1 35. f5 Ba3 36. Kd5 Bc1 37. Ke6 Ba3 38. Rb8 Bc1 39. Kf7 Ba3 40. Rg8
1-0

[Event "I slightly prefer Romney to Obama"]
[Site "SchemingMind.com"]
[Date "2012.09.23"]
[Round "-"]
[White "Ilang"]
[Black "mapleleaf"]
[Result "1-0"]
[WhiteCountry "HUN"]
[BlackCountry "CAN"]
[WhiteElo "2368"]
[WhiteRD "66"]
[BlackElo "2042"]
[BlackRD "115"]
[GameID "317919"]

1. d4 Nf6 2. c4 g6 3. Nc3 Bg7 4. e4 d6 5. Nf3 O-O 6. Be2 e5 7. O-O Nbd7 8. Qc2 c6 9. d5 c5 10. g3 h6
11. Nh4 a6 12. Ng2 Re8 13. Be3 Nf8 14. Qd2 Kh7 15. f3 Nh5 16. b4 b6 17. a3 Bh3 18. Rf2 Nd7 19. Rb1 f5 20. exf5 gxf5
21. Qc2 Kh8 22. Bd2 Nhf6 23. Ne3 e4 24. Bf1 Bxf1 25. Rfxf1 Ne5 26. fxe4 fxe4 27. Nxe4 Nxe4 28. Qxe4 Nc6 29. Qg4 Nd4 30. bxc5 dxc5
31. Rf7 Rg8 32. Nf5 Bf6 33. Qh5 Nxf5 34. Bxh6
1-0

[Event "I slightly prefer Romney to Obama"]
[Site "SchemingMind.com"]
[Date "2012.09.18"]
[Round "-"]
[White "Ilang"]
[Black "bereolos"]
[Result "1-0"]
[WhiteCountry "HUN"]
[BlackCountry "USA"]
[WhiteElo "2371"]
[WhiteRD "72"]
[BlackElo "2230"]
[BlackRD "95"]
[GameID "317920"]

1. d4 Nf6 2. c4 g6 3. Nc3 Bg7 4. e4 d6 5. Nf3 O-O 6. Be2 e5 7. O-O exd4 8. Nxd4 Re8 9. f3 Nh5 10. Be3 Nc6
11. Qd2 Nf4 12. Rfd1 Nxd4 13. Bxd4 Bxd4+ 14. Qxd4 Ne6 15. Qe3 Qf6 16. Rd2 Qg7 17. Nd5 a5 18. f4 f6 19. Bf3 Nc5 20. Qc3 Rf8
21. e5 fxe5 22. fxe5 dxe5 23. Re1 Re8 24. Qa3 Ne6 25. Qe3 Nf8 26. Nc3 c6 27. Ne4 Be6 28. b3 a4 29. Nd6 Red8 30. b4 Rd7
31. Qxe5 Qxe5 32. Rxe5 a3 33. c5 Ra4 34. Re4 Bd5 35. Bd1 Bxe4 36. Bxa4 Bf5 37. Bb3+ Be6 38. Bxe6+ Nxe6 39. Rd3 Nc7 40. Rxa3 Nd5
41. Ra8+ Kg7 42. a3 b6 43. Ra6 bxc5 44. bxc5 Nc3 45. Rxc6 Ra7 46. Rb6 Na4 47. Rb7+ Rxb7 48. Nxb7 Kf6 49. c6 Ke5 50. Nc5
1-0

[Event "I slightly prefer Romney to Obama"]
[Site "SchemingMind.com"]
[Date "2012.09.19"]
[Round "-"]
[White "Ilang"]
[Black "Adrian Grajczak"]
[Result "1-0"]
[WhiteCountry "HUN"]
[BlackCountry "POL"]
[WhiteElo "2369"]
[WhiteRD "75"]
[BlackElo "2066"]
[BlackRD "67"]
[GameID "317921"]

1. d4 d6 2. e4 Nf6 3. Nc3 e5 4. Nf3 Nbd7 5. Bc4 Be7 6. O-O O-O 7. Re1 c6 8. a4 b6 9. Ba2 a6 10. h3 Bb7
11. Nh4 exd4 12. Qxd4 c5 13. Qd1 d5 14. exd5 Nxd5 15. Nf5 Nxc3 16. Nxe7+
1-0

[Event "I slightly prefer Romney to Obama"]
[Site "SchemingMind.com"]
[Date "2012.09.18"]
[Round "-"]
[White "smothered mate"]
[Black "Ilang"]
[Result "0-1"]
[WhiteCountry "POL"]
[BlackCountry "HUN"]
[WhiteElo "2016"]
[WhiteRD "53"]
[BlackElo "2371"]
[BlackRD "73"]
[GameID "317922"]

1. e4 c6 2. d4 d5 3. exd5 cxd5 4. c4 Nf6 5. Nc3 Nc6 6. Nf3 Bg4 7. cxd5 Nxd5 8. Qb3 Bxf3 9. gxf3 e6 10. Qxb7 Nxd4
11. Bb5+ Nxb5 12. Qxb5+ Qd7 13. Nxd5 exd5 14. Qxd7+ Kxd7 15. Be3 Bb4+ 16. Ke2 Rhc8 17. Kd3 g6 18. Rac1 Bd6 19. Bd4 a5 20. h3 Rxc1
21. Rxc1 a4 22. a3 Rb8 23. Ke2= Rb3 24. Rd1 Ke6 25. Rd3 Rxd3 26. Kxd3 Kf5 27. Be3 Be5 28. Bd4 Bxd4 29. Kxd4 Kf4 30. Kxd5 Kxf3
31. Kc4 Kxf2 32. b4 axb3 33. Kxb3 f5 34. a4 f4 35. a5 f3 36. a6 Kg3 37. a7 f2 38. a8=Q f1=Q 39. Qd8 Qxh3 40. Qg5+ Kh2+
41. Kc4 Qf1+ 42. Kb4 Qe1+ 43. Kc4 Qe4+ 44. Kc3 h5 45. Qd2+ Qg2 46. Qh6 h4 47. Kd3 Qg3+ 48. Ke2 g5 49. Kf1 Qg2+ 50. Ke1 h3
51. Qf6 g4 52. Qd4 Qg1+
0-1

[Event "I slightly prefer Romney to Obama"]
[Site "SchemingMind.com"]
[Date "2012.09.23"]
[Round "-"]
[White "mapleleaf"]
[Black "Ilang"]
[Result "0-1"]
[WhiteCountry "CAN"]
[BlackCountry "HUN"]
[WhiteElo "2042"]
[WhiteRD "115"]
[BlackElo "2368"]
[BlackRD "66"]
[GameID "317923"]

1. e4 c6 2. d4 d5 3. e5 Bf5 4. Nc3 e6 5. g4 Bg6 6. Nge2 c5 7. h4 h5 8. Nf4 cxd4 9. Qxd4 Bxc2 10. Bb5+ Nc6
11. Nxh5 Ne7 12. Bg5 Bg6 13. Nf4 a6 14. Bxc6+ Nxc6 15. Bxd8 Nxd4 16. Rd1 Nf3+ 17. Ke2 Nxe5 18. Bc7 Nxg4 19. Nxg6 fxg6 20. Rdg1 Rc8
21. Bf4 Nf6 22. Kd3 Kf7 23. f3 Be7 24. Bg5 Rc4 25. Rg2 b5 26. b3 Rcc8 27. Ne2 e5 28. Rhg1 e4+ 29. fxe4 dxe4+ 30. Ke3 Bc5+
31. Nd4 Rhd8 32. Rd1 Nd5+ 33. Kf2 Nc3
0-1

[Event "I slightly prefer Romney to Obama"]
[Site "SchemingMind.com"]
[Date "2012.09.18"]
[Round "-"]
[White "bereolos"]
[Black "Ilang"]
[Result "1/2-1/2"]
[WhiteCountry "USA"]
[BlackCountry "HUN"]
[WhiteElo "2250"]
[WhiteRD "99"]
[BlackElo "2368"]
[BlackRD "66"]
[GameID "317924"]

1. d4 d5 2. c4 c6 3. Nf3 Nf6 4. Qc2 dxc4 5. Qxc4 Bf5 6. g3 e6 7. Bg2 Nbd7 8. O-O Be7 9. e3 O-O 10. Qe2 c5
11. Rd1 Qb6 12. Nc3 Bg6 13. Ne5 Rad8 14. Nxg6 hxg6 15. a4 a5 16. Qf3 Rb8 17. Nb5 cxd4 18. exd4 Nd5 19. Bd2 N7f6 20. Rac1 Rbc8
21. Rxc8 Rxc8 22. Rc1 Rxc1+ 23. Bxc1 Qc6 24. Qd1 Bb4 25. Bd2 Bxd2 26. Qxd2 b6 27. b3 Qc8=
1/2-1/2

[Event "I slightly prefer Romney to Obama"]
[Site "SchemingMind.com"]
[Date "2012.09.19"]
[Round "-"]
[White "Adrian Grajczak"]
[Black "Ilang"]
[Result "0-1"]
[WhiteCountry "POL"]
[BlackCountry "HUN"]
[WhiteElo "2066"]
[WhiteRD "67"]
[BlackElo "2369"]
[BlackRD "75"]
[GameID "317925"]

1. e4 c6 2. d4 d5 3. f3 e6 4. Nc3 Bb4 5. Bf4 Nf6 6. Qd3 O-O 7. O-O-O Be7 8. g4 b5 9. e5 Nfd7 10. h4 b4
11. Nce2 c5 12. g5 c4 13. Qe3 a5 14. Bh3 Nb6 15. h5 c3 16. bxc3 Nc4 17. Qf2 bxc3 18. Rf1 Ba3+ 19. Kd1 Qb6 20. Nc1 Bxc1
21. Bxc1 Qb1
0-1

[Event "I slightly prefer Romney to Obama"]
[Site "SchemingMind.com"]
[Date "2012.10.14"]
[Round "-"]
[White "chesshub"]
[Black "Ilang"]
[Result "1/2-1/2"]
[WhiteCountry "FRA"]
[BlackCountry "HUN"]
[WhiteElo "2477"]
[WhiteRD "72"]
[BlackElo "2371"]
[BlackRD "73"]
[GameID "319234"]

1. d4 d5 2. c4 c6 3. Nc3 Nf6 4. e3 e6 5. Nf3 Nbd7 6. Bd3 dxc4 7. Bxc4 b5 8. Bd3 Bb7 9. O-O a6 10. e4 c5
11. d5 Qc7 12. Bc2 c4 13. dxe6 fxe6 14. Nd4 Nc5 15. Qe2 Rd8 16. Be3 e5 17. Nf5 g6 18. Bg5 Qf7 19. Nd5 Nxd5 20. exd5 Rxd5
21. Ne3 Rd6 22. f4 e4 23. f5 Nd3 24. b3 h6 25. Bh4 g5 26. Bg3 Rb6 27. bxc4 bxc4 28. Kh1 Bc5 29. Nxc4 Qxc4=
1/2-1/2

[Event "I slightly prefer Romney to Obama"]
[Site "SchemingMind.com"]
[Date "2012.10.15"]
[Round "-"]
[White "chesshub"]
[Black "smothered mate"]
[Result "1-0"]
[WhiteCountry "FRA"]
[BlackCountry "POL"]
[WhiteElo "2477"]
[WhiteRD "72"]
[BlackElo "2016"]
[BlackRD "53"]
[GameID "319235"]

1. e4 Nf6 2. e5 Nd5 3. d4 d6 4. Nf3 dxe5 5. Nxe5 c6 6. Be2 Bf5 7. O-O Nd7 8. Nf3 h6 9. c4 N5f6 10. Nc3 e6
11. d5 cxd5 12. cxd5 Be7 13. d6 Bf8 14. Nd4 Bh7 15. Ndb5
1-0

[Event "I slightly prefer Romney to Obama"]
[Site "SchemingMind.com"]
[Date "2012.10.19"]
[Round "-"]
[White "chesshub"]
[Black "mapleleaf"]
[Result "1-0"]
[WhiteCountry "FRA"]
[BlackCountry "CAN"]
[WhiteElo "2460"]
[WhiteRD "76"]
[BlackElo "1990"]
[BlackRD "91"]
[GameID "319236"]

1. e4 c5 2. Nf3 Nc6 3. Bb5 d6 4. O-O Bd7 5. Re1 e6 6. c3 Nf6 7. d4 cxd4 8. cxd4 Be7 9. Nc3 O-O 10. Bf4 a6
11. Bxc6 bxc6 12. Rc1 Qb6 13. Bg5 h6 14. Bh4 Rfe8 15. e5 dxe5 16. Bxf6 gxf6 17. dxe5 Red8 18. Qd2 Kg7 19. exf6+ Bxf6 20. Ne4 Be7
21. Qf4 Rab8 22. Ne5 Be8 23. Ng4 f5 24. Qxh6+ Kf7 25. Qh7+ Kf8 26. Qh8+ Kf7 27. Ne5#
1-0

[Event "I slightly prefer Romney to Obama"]
[Site "SchemingMind.com"]
[Date "2012.10.14"]
[Round "-"]
[White "chesshub"]
[Black "bereolos"]
[Result "1-0"]
[WhiteCountry "FRA"]
[BlackCountry "USA"]
[WhiteElo "2436"]
[WhiteRD "75"]
[BlackElo "2230"]
[BlackRD "95"]
[GameID "319237"]

1. e4 e5 2. Nf3 Nc6 3. Bb5 a6 4. Ba4 Nf6 5. O-O Be7 6. Re1 b5 7. Bb3 d6 8. c3 O-O 9. h3 Na5 10. Bc2 c5
11. d4 Nd7 12. Nbd2 exd4 13. cxd4 Nc6 14. Nf1 cxd4 15. Nxd4 Nxd4 16. Qxd4 Ne5 17. Qd1 Bf6 18. Ne3 Nc4 19. Rb1 Be6 20. Nd5 Bxd5
21. exd5
1-0

[Event "I slightly prefer Romney to Obama"]
[Site "SchemingMind.com"]
[Date "2012.10.15"]
[Round "-"]
[White "chesshub"]
[Black "Adrian Grajczak"]
[Result "1-0"]
[WhiteCountry "FRA"]
[BlackCountry "POL"]
[WhiteElo "2436"]
[WhiteRD "75"]
[BlackElo "2088"]
[BlackRD "69"]
[GameID "319238"]

1. d4 d6 2. e4 Nf6 3. Nc3 e5 4. Nf3 Nbd7 5. Bc4 Be7 6. O-O O-O 7. Re1 c6 8. a4 b6 9. Ba2 a6 10. Be3 Bb7
11. dxe5 dxe5 12. Nh4 Qc7 13. Nf5 Bc5 14. Qd2 a5 15. Bxc5 Nxc5 16. Nxg7 Qd8 17. Qg5 Ne8 18. Qh6 Qd6 19. Nf5 Qxh6 20. Nxh6+ Kg7
21. Nf5+ Kh8 22. Rad1 Rb8 23. f3 f6 24. h4 Ng7 25. Nh6
1-0

[Event "I slightly prefer Romney to Obama"]
[Site "SchemingMind.com"]
[Date "2012.10.14"]
[Round "-"]
[White "Ilang"]
[Black "chesshub"]
[Result "1/2-1/2"]
[WhiteCountry "HUN"]
[BlackCountry "FRA"]
[WhiteElo "2371"]
[WhiteRD "73"]
[BlackElo "2477"]
[BlackRD "72"]
[GameID "319239"]

1. d4 Nf6 2. c4 e6 3. Nf3 d5 4. Bg5 Be7 5. Nc3 O-O 6. e3 h6 7. Bxf6 Bxf6 8. Qc2 Nc6 9. a3 a6 10. Rc1 Re8
11. Be2 dxc4 12. Bxc4 e5 13. d5 Ne7 14. O-O Bf5 15. Bd3 Bxd3 16. Qxd3 e4 17. Nxe4 Bxb2 18. Rc2 Qxd5 19. Qxd5 Nxd5 20. Rxb2 Rxe4
21. Rxb7 Ra4 22. Rb3 c5 23. Rd3 Nf6 24. Rc1 c4 25. Rdc3 a5 26. h3=
1/2-1/2

[Event "I slightly prefer Romney to Obama"]
[Site "SchemingMind.com"]
[Date "2012.10.15"]
[Round "-"]
[White "smothered mate"]
[Black "chesshub"]
[Result "0-1"]
[WhiteCountry "POL"]
[BlackCountry "FRA"]
[WhiteElo "1979"]
[WhiteRD "59"]
[BlackElo "2460"]
[BlackRD "76"]
[GameID "319240"]

1. e4 c5 2. Nf3 e6 3. c3 d5 4. exd5 Qxd5 5. d4 Nf6 6. Be2 Nc6 7. O-O cxd4 8. cxd4 Be7 9. Nc3 Qd6 10. Nb5 Qd8
11. Bf4 Nd5 12. Bg3 O-O 13. Bc4 a6 14. Bxd5 axb5 15. Be4 f5 16. Bxc6 bxc6 17. Qc1 Qd5 18. a3 b4 19. a4 Bb7 20. Re1 c5
21. Re5 Qd7 22. dxc5 Rac8 23. Qc4 Bd5 24. Qxb4 g5 25. h4 f4 26. Bh2 g4 27. Ng5 Bxc5 28. Qd2 g3 29. b4 Bxf2+
0-1

[Event "I slightly prefer Romney to Obama"]
[Site "SchemingMind.com"]
[Date "2012.10.19"]
[Round "-"]
[White "mapleleaf"]
[Black "chesshub"]
[Result "0-1"]
[WhiteCountry "CAN"]
[BlackCountry "FRA"]
[WhiteElo "1995"]
[WhiteRD "105"]
[BlackElo "2438"]
[BlackRD "73"]
[GameID "319241"]

1. d4 Nf6 2. c4 e6 3. g3 d5 4. Nf3 dxc4 5. Qc2 a6 6. Qxc4 b5 7. Qc2 Bb7 8. Bg2 Nbd7 9. O-O c5 10. dxc5 Bxc5
11. Rd1 Rc8 12. Qd3 Be4 13. Qd2 Bxf2+ 14. Kxf2 Bxb1 15. Qb4 Rc4 16. Qa3 Qb6+ 17. Ke1 Ng4 18. e3 b4 19. Qb3 Rc2 20. Bd2 Nc5
0-1

[Event "I slightly prefer Romney to Obama"]
[Site "SchemingMind.com"]
[Date "2012.10.14"]
[Round "-"]
[White "bereolos"]
[Black "chesshub"]
[Result "0-1"]
[WhiteCountry "USA"]
[BlackCountry "FRA"]
[WhiteElo "2137"]
[WhiteRD "84"]
[BlackElo "2501"]
[BlackRD "70"]
[GameID "319242"]

1. d4 Nf6 2. c4 e6 3. Nc3 Bb4 4. g3 d5 5. Bg2 O-O 6. Nf3 dxc4 7. O-O Nc6 8. a3 Be7 9. e4 Na5 10. Bf4 Nb3
11. Rb1 c5 12. d5 exd5 13. e5 Nh5 14. Qxd5 Nxf4 15. gxf4 Qxd5 16. Nxd5 Bd8 17. Ne3 b5 18. Nd2 Nxd2 19. Bxa8 Nxb1 20. Rxb1 g5
21. f5 Bc7 22. Bc6 a6 23. a4 bxa4 24. Nxc4 Bxf5 25. Rc1 Be6 26. Bxa4 Rb8 27. Bc6 Rb4 28. Nd6 Rxb2 29. Rxc5 Bb6 30. Rc1 Bxf2+
31. Kh1 Bd4 32. Ne4 Bxe5 33. Nxg5 Bf4 34. Rc5 Rxh2+ 35. Kg1 Rh5 36. Nxe6 Be3+
0-1

[Event "I slightly prefer Romney to Obama"]
[Site "SchemingMind.com"]
[Date "2012.10.15"]
[Round "-"]
[White "Adrian Grajczak"]
[Black "chesshub"]
[Result "0-1"]
[WhiteCountry "POL"]
[BlackCountry "FRA"]
[WhiteElo "2173"]
[WhiteRD "67"]
[BlackElo "2503"]
[BlackRD "71"]
[GameID "319243"]

1. g4 d5 2. Bg2 c6 3. g5 e5 4. d4 e4 5. c4 Ne7 6. Nc3 Nf5 7. cxd5 cxd5 8. f3 Nh4 9. Kf1 Nxg2 10. Kxg2 Bb4
11. fxe4 Bxc3 12. bxc3 dxe4 13. d5 Qd7 14. h3 O-O 15. Qd4 Qf5 16. Be3 Qg6 17. Rh2 b6 18. h4 Bg4 19. Kg3 f5 20. Nh3 Bxh3
21. Rxh3 Qh5 22. Re1 Nd7 23. d6 Rae8 24. Qd5+ Kh8 25. Bd4= Qg4+ 26. Kh2 f4 27. g6 h6 28. c4 Nf6 29. Bxf6 Rxf6 30. h5 Ref8
31. Qxe4 Rxd6 32. Qe7 Rdd8 33. Rg1 Qc8 34. Qe4 Rde8 35. Qd3 Re5 36. Rg2 Rfe8 37. Rh4 Qb8 38. Qf3 Rf8 39. Kg1 Re3 40. Qf1 f3
41. exf3 Rfxf3
0-1